00000000nam 2200000zi 4500
0019.947283
003CaOODSP
00520250306075930
006m     o  d f      
007cr mn|||||||||
008250122e202503##qucab   ob   f000 0 eng d
020 |a9780660753836
040 |aCaOODSP|beng|erda|cCaOODSP
043 |an-cn---
0861 |aEn84-395/2025E-PDF
24500|aState of per- and polyfluoroalkyl substances (PFAS) report.
264 1|a[Gatineau, Quebec] : |bGovernment of Canada = Gouvernement du Canada, |cMarch 2025.
264 4|c©2025
300 |a1 online resource (284 pages) : |bcolour illustrations, colour map
336 |atext|btxt|2rdacontent
337 |acomputer|bc|2rdamedia
338 |aonline resource|bcr|2rdacarrier
500 |aIssued also in French under title: Rapport sur l'état des substances perfluoroalkyliques et polyfluoroalkyliques (SPFA).
504 |aIncludes bibliographical references.
520 |a"Pursuant to section 68 of the Canadian Environmental Protection Act, 1999 (CEPA) (Canada 1999), the Minister of the Environment and the Minister of Health have prepared a report on the class of per- and poly-fluoroalkyl substances (PFAS) to provide an overview of the sources, fate, occurrence, and potential impacts of PFAS on the environment and human health. This class of substances was considered a priority on the basis that scientific evidence to date indicates that the other groups of PFAS, including those used to replace regulated PFAS (that is, perfluorooctane sulfonate [PFOS] and its salts and precursors, perfluorooctanoic acid [PFOA] and its salts and precursors, and long-chain perfluorocarboxylic acids [LC-PFCAs] and their salts and precursors), may also be associated with environmental or human health effects. This report and its conclusion are intended to inform decision-making on PFAS as a class in Canada. …"--Introduction, page 7.
650 0|aPerfluorinated chemicals|xEnvironmental aspects|zCanada.
650 0|aPerfluorinated chemicals|xHealth aspects|zCanada.
650 0|aPerfluorinated chemicals|xToxicology|zCanada.
650 0|aEnvironmental monitoring|zCanada.
650 0|aBiological monitoring|zCanada.
650 0|aPerfluorinated chemicals|xEnvironmental aspects.
650 0|aPerfluorinated chemicals|xHealth aspects.
650 0|aPerfluorinated chemicals|xToxicology.
650 0|aEnvironmental monitoring.
650 0|aBiological monitoring.
7101 |aCanada. |bEnvironment and Climate Change Canada, |eissuing body.
7101 |aCanada. |bHealth Canada, |eissuing body.
77508|tRapport sur l'état des substances perfluoroalkyliques et polyfluoroalkyliques (SPFA).|w(CaOODSP)9.947284
85640|qPDF|s2.60 MB|uhttps://publications.gc.ca/collections/collection_2025/eccc/En84-395-2025-eng.pdf
8564 |qHTML|sN/A|uhttps://www.canada.ca/en/environment-climate-change/services/evaluating-existing-substances/state-per-polyfluoroalkyl-substances-report.html